00812 2200301 4500001002100000005001500021035002000036007000300056040001700059100003000076245006100106250001200167020002200179041000800201082001000209084001600219090001800235264003900253336002100292337003000313338002300343650001500366850001000381008004100391300003200432504002400464990002200488INLIS00000000000832320260526105003 a0010-0922000812ta aSBPUPADbind0 aMirnawati AmirePengarang1 aMari Berkeliling Dunia /cMirnawati Amir; editor, Endang a.-Cet,1 a978-602-9107-12-8 aind a910.4 a910.4 MIR m a880 ALE 24-13 a.--Bandung :bTaman Belajar,c2011 2rdacontentateks 2rdamediaatanpa perantara 2rdacarrieravolume 4aPariwisata aPUPAD260526 0  avi, 58 hlm :bilus ;c21 cm aBibliografi, hlm 57 a012/KAPD-PDG/2012